Manual of British Standards in Engineering Metrology (Record no. 625)

MARC details
005 - DATE AND TIME OF LATEST TRANSACTION
control field 20250314125341.0
020 ## - INTERNATIONAL STANDARD BOOK NUMBER
International Standard Book Number 0 09 151930 6
082 ## - DEWEY DECIMAL CLASSIFICATION NUMBER
Classification number 389.1 BRO
111 ## - MAIN ENTRY--MEETING NAME
Meeting name or jurisdiction name as entry element British Standards Institution in Association with Hutchinson
245 ## - TITLE STATEMENT
Title Manual of British Standards in Engineering Metrology
260 ## - PUBLICATION, DISTRIBUTION, ETC.
Place of publication, distribution, etc. London
Name of publisher, distributor, etc. British Standards Institution
Date of publication, distribution, etc. 1984
300 ## - PHYSICAL DESCRIPTION
Extent 235p., figures, graphs, ill., tables
Other physical details Index
Dimensions 29cm.
700 ## - ADDED ENTRY--PERSONAL NAME
Other authors/Editors BROOKER, K.
942 ## - ADDED ENTRY ELEMENTS (KOHA)
Source of classification or shelving scheme Dewey Decimal Classification
Koha item type Books
Holdings
Date last seen Total checkouts Full call number Barcode Cost, replacement price Price effective from Koha item type Lost status Source of classification or shelving scheme Damaged status Not for loan Withdrawn status Home library Current library Shelving location Date acquired Cost, normal purchase price
03/14/2025   389.1 BRO, L.M. 000000891 30000.00 03/14/2025 Books   Dewey Decimal Classification       College of Business Education Main Library College of Business Education Main Library General Collection 03/14/2025 10000.00
03/14/2025   389.1 BRO, L.M. 000000892 30000.00 03/14/2025 Books   Dewey Decimal Classification       College of Business Education Main Library College of Business Education Main Library General Collection 03/14/2025 10000.00